LEADER 01140nam a2200289 a 4500 001 000000130939 003 CaOOAMICUS 005 20121011142412.0 008 121011s1999 it u000 u ita r 020 $a88-07-47024-1 040 $aPUL$bita 100 1 $aBencivenga, Ermanno,$d1950-$0(OLS)http://pul/name/54108 245 10$aManifesto per un mondo senza lavoro /$cErmanno Bencivenga. 260 $aMilano :$bFeltrinelli,$c1999. 300 $a157 p. ;$c20 cm 490 1 $aElementi. Societą 650 4$aConsumo$xAspetti socio-culturali.$0(OLS)http://pul/subject/33620 650 4$aOccupazione e disoccupazione.$0(OLS)http://pul/subject/19438 830 0$aElementi (Feltrinelli).$pSocietą.$0(OLS)http://pul/title/165481 850 $aPUL 852 $aPUL$W1$xDP1 Fondo E. Rossi$y115$m1 B 54$j151315$qFondi$B150101$CPULBib$Z2$F150101 $82 941 1 $a1 960 $aConsumismo$933620 996 $6020$a88-07-47024-1$9(OLS)http://pul/number/150889 996 $6245$aManifesto per un mondo senza lavoro$9(OLS)http://pul/title/165480 996 $6260$aMilano :$bFeltrinelli$9(OLS)http://pul/publisher/48846 LEADER 00869naa a2200205 u 4500 001 000000101364 003 CaOOAMICUS 005 20070226130206.0 008 051213s1999 it u000 u ita u 035 $a11072348 040 $aIAR$bita 100 1 $aMarcocchi, Massimo,$d1931-2020.$0(OLS)http://pul/name/4265 245 10$a[Recensione :] Giovanni Pozzo: Grammatica e retorica dei santi /$c[Massimo Marcocchi]. 260 $a[Milano :$bVita e pensiero],$c[1999] 300 $aS. 955-958 ;$c25 cm 600 14$aPozzo, Giovanni$tGrammatica e retorica dei santi.$0(OLS)http://pul/subject/32676 730 0 $aAevum$g[Spogli].$0(OLS)http://pul/title/11692 773 0 $tAevum$k73 (1999)$w()8026 996 $6245$a[Recensione :] Giovanni Pozzo: Grammatica e retorica dei santi$9(OLS)http://pul/title/128268 996 $6260$a[Milano :$bVita e pensiero]$9(OLS)http://pul/publisher/79155